Journal of Soviet and Post-Soviet Politics and Society. Identity Clashes: Russian and Ukrainian Debates on Culture, History, and Politics (Titelsatznr. 52357)
[ MARC ]
| 000 -Satzkennung | |
|---|---|
| Kontrollfeld mit fester Länge | 00526nas a22001571c 4500 |
| 001 - Kontrollnummer | |
| Kontrollfeld | zs0103+4.2018,1 |
| 035 ## - Systemkontrollnummer | |
| System-Kontrollnummer | zs0103 |
| 008 - Feld mit fester Länge zur physischen Beschreibung - Allgemeine Angaben | |
| Kontrollfeld mit fester Länge | 181211s2018 gw |||| 000u eng d |
| 040 ## - Katalogisierungsquelle | |
| Übertragungsstelle | RU-10907106 |
| 003 - Kontrollnummer Identifier | |
| Kontrollfeld | RU-10907106 |
| 264 ## - Produktion, Veröffentlichung, Distribution, Herstellung und Urheberrechtsvermerk | |
| Herstellungs-, Veröffentlichungs- Vertriebs-, Erzeugungsort | Stuttgart : |
| Produzent, Herausgeber, Distributor, Hersteller | ibidem-Verl., |
| Datum der Herstellung, der Veröffentlichung, des Vertriebs oder des Urheberschutzvermerks | 2018 |
| 245 00 - Titel | |
| Titel | Journal of Soviet and Post-Soviet Politics and Society. Identity Clashes: Russian and Ukrainian Debates on Culture, History, and Politics |
| Zählung des Teils/der Abteilung eines Werkes | 4.2018,1 |
| 700 1# - Nebeneintragung - Personenname | |
| Personenname | Makarychev, Andrey |
| Funktionsbezeichnung | HerausgeberIn |
| 773 0# - Übergeordnete Einheit | |
| Datensatzkontrollnummer | zs0103 |
| Zählung und erste Seite | 4.2018,1 |
| 942 ## - Zusätzliche Felder (Koha) | |
| Koha-Medientyp | Monographien |
| Ausgeschieden | Verloren | Beschädigt | Nicht entleihbar | Heimatbibliothek | Aufenthaltsbibliothek | Erwerbungsdatum | Signatur | Barcode | Letzte Aktivität | Preis gültig von | Koha-Medientyp |
|---|---|---|---|---|---|---|---|---|---|---|---|
| MWN Osteuropa | MWN Osteuropa | 11/12/2018 | ZS-JSPSP | 52371 | 22/03/2021 | 22/03/2021 | Monographien |